Lễ hội dân gian của người Việt ở Quảng Bình /
Saved in:
| Main Author: | |
|---|---|
| Other Authors: | |
| Format: | Book (Paper) |
| Language: | Vietnamese |
| Published: |
H. :
Văn hoá Dân tộc,
2010.
|
| Subjects: | |
| Tags: |
Add Tag
No Tags, Be the first to tag this record!
|
| Institutions: | Thư viện Trường Đại học Đà Lạt |
|---|
| LEADER | 00847nam a2200313 4500 | ||
|---|---|---|---|
| 001 | DLU110128745 | ||
| 005 | ##20111202 | ||
| 040 | # | # | |a DLU |b vie |
| 041 | # | # | |a vie |
| 044 | # | # | |a vn |
| 082 | # | # | |a 394.269 597 |b NG-L |
| 100 | # | # | |a Nguyễn Văn Lợi. |
| 245 | # | # | |a Lễ hội dân gian của người Việt ở Quảng Bình / |c Nguyễn Văn Lợi, Nguyễn Văn Mạnh. |
| 260 | # | # | |a H. : |b Văn hoá Dân tộc, |c 2010. |
| 300 | # | # | |a 293 tr. ; |c 21 cm. |
| 504 | # | # | |a Tài liệu tham khảo: tr.287. |
| 650 | # | # | |a Lễ hội dân gian |z Việt Nam |z Quảng Bình. |
| 700 | # | # | |a Nguyễn Văn Mạnh. |
| 923 | # | # | |a 22/2011 |
| 991 | # | # | |a SH |
| 992 | # | # | |a 14700 |
| 994 | # | # | |a DLU |
| 900 | # | # | |a True |
| 911 | # | # | |a Đào Thị Thu Huyền |
| 925 | # | # | |a G |
| 926 | # | # | |a A |
| 927 | # | # | |a SH |
| 980 | # | # | |a Thư viện Trường Đại học Đà Lạt |